[Event "Lille Luce op 7th"]
[Site "Lille"]
[Date "2016.04.11"]
[Round "3"]
[White "Szabo, Bence"]
[Black "Leclercq, Olivier"]
[Result "1-0"]
[WhiteElo "2392"]
[BlackElo "1569"]
[PlyCount "39"]
[EventDate "2016.04.09"]
[EventType "swiss"]
[EventRounds "7"]
[EventCountry "FRA"]
[SourceTitle "CBM 171 Extra"]
[Source "ChessBase"]
[SourceDate "2016.04.26"]
[SourceVersion "1"]
[SourceVersionDate "2016.04.26"]
[SourceQuality "1"]

1. d4 d5 2. c4 c6 3. Nf3 Nf6 4. Nbd2 Bg4 5. Ne5 Bf5 6. e3 e6 7. g4 Bg6 8. h4 h6 9. Nxg6 fxg6 10. Qc2 Kd7 11. Qxg6 Qe8 12. Qxe8+ Nxe8 13. Bd3 Bb4 14. Ke2 Na6 15. Nf3 Bd6 16. Bd2 Nb4 17. Bxb4 Bxb4 18. Ne5+ Kc8 19. c5 Ba5 20. Ng6 1-0